000 00448 a2200157 4500
003 OSt
005 20240112110713.0
008 240112b |||||||| |||| 00| 0 eng d
040 _coclc
082 _a297
_bKAL/I
100 _aKallikkandi, Ishaqali
_910263
245 _aIslahi boomikayilude Vol III
_bPrakasham chorinhavar /
260 _aKerala:
_bKNM,
_c2016
300 _a159p
942 _2ddc
_cBK
_h297
_iKAL/I
_k297
_mKAL/I
999 _c43169
_d43169